000 00594nam a2200217Ii 4500
003 JO-AjNU
008 230606s9999||||xx |||||||||||||| ||und||
020 _a978-93-5107-224-9
040 _aJO-AjNU
_beng
_erda
_cJO-AjNU
041 _aeng
050 1 4 _aQA273.R84.2015
100 3 _aRoss,Sheldon,
_eauthor
_94355
245 0 0 _aintroduction to probability Models
250 _a11 ed
264 3 1 _aNEWDELHI:ELSEVIER
300 _a766p
336 _atext
_btxt
_2rdacontent
337 _aunmediated
_bn
_2rdamedia
338 _avolume
_bnc
_2rdacarrier
650 4 _a Probabilities. 
_94356
999 _aE2263
_c2261
_d2261